Vplyv výšky príjmu na dopyt po poistení bakalárska práca

Enregistré dans:
Détails bibliographiques
Auteur principal: Máťaš, Matej
Collectivité auteur: Národohospodárska fakulta EU. Katedra poisťovníctva
Autres auteurs: Brokešová, Zuzana, 1985-
Format: Livre
Langue:slovaque
Publié: Bratislava 2023
Tags: Ajouter un tag
Pas de tags, Soyez le premier à ajouter un tag!

MARC

LEADER 00000nbm a2200000 4500
001 0294640
005 20231130125435.4
041 0 |a slo 
044 |a SK 
245 1 0 |a Vplyv výšky príjmu na dopyt po poistení  |b bakalárska práca  |c Matej Máťaš ; školiteľ: Zuzana Brokešová 
264 1 |a Bratislava  |c 2023 
300 |a 41 s. 
100 1 |a Máťaš, Matej 
700 1 |a Brokešová, Zuzana, 1985- 
710 2 |a Národohospodárska fakulta EU. Katedra poisťovníctva